000 00292nam a2200121Ia 4500
008 191201s2014 xx 000 0 und d
100 _aNCSL
245 0 _aNational Cyber Crime Reference Handbook
260 _aN. Delhi
_bNCSL
_c2014
300 _a380
650 _aB.Tech(CSE)
942 _2ddc
_cBK
999 _c6002
_d6002